000 00895cab a2200181 4500
001 ##L131263
008 051013n2005 000 0 eng u
035 _a(Sirsi) u131263
041 0 _aeng
100 1 _aReisner, Alasdair
245 0 0 _aPoised for the off
260 _c2005
490 0 _aConstruction News
_v6937 6 October 2005, 28-29(2)
520 _aThe piling sector is expected to be one of the earliest beneficiaries of construction work connected with the 2012 Olympic Games. It is anticipated that the major contracts will be awarded to the bigger firms in the sector, although smaller firms may also benefit, either directly, or indirectly, from the knock-on effects on projects elsewhere. Competition is also expected from Continental firms.
650 2 4 _aOLYMPIC GAMES 2012
690 _aBUILT ENVIRONMENT-ENGINEERING-CIVIL ENGINEERING-GROUND ENGINEERING-PILING
942 _n0
999 _c76003
_d76003